1432 1425 1942 1892 1763 1364 1638 1531 1058 1799 1363 1949 1952 1047 1055 1460 1064 1831 1695 1049 1605 1373 1540 1769 1734 1724 1789 1649 1990 1378 1135 1531 1722 1206 1085 1875 1670 1933 1151 1808 1269 1983 1205 1799 1326 1239 1014 1663 1132 1153 1124 1908 1275 1003 1542 1312 1343 1869 1926 1743 1845 1715 1752 1595 1245 1102 1776 1164 1851 1478 1980 1203 1085 1871 1740 1263 1596 1444 1355 1232 1788 1972 1346 1615 1303 1590 1883 1605 1866 1980 1090 1190 1221 1033 1674 1177 1601 1024 1283 BCNSPRNW ULIB Ver.6.0+V

เปลี่ยนเป็นภาษาไทย

Change to English
 แสดงรายละเอียดบรรณานุกรม
  กลับหน้าหลัก

Brief Record : Get Marc (ISO 2709) : E-mail record : QR code < ปิดหน้าต่าง
LEADER : 00000nam 2200000uu 4500
001    13399115125
003     ULIB
008    120711s2552||||th 000 0 tha d
020    ^a9786117005046
050  4 ^aBF637.S8^bส312ค 2552
245 00 ^aคำปราชญ์สู่ความสำเร็จ /^cสมิต อาชวนิจกุล
260    ^aกรุงเทพฯ :^bBRiGHT,^c2552
300    ^a291 หน้า
650  4 ^aคริสตศาสนา
650  4 ^aความสำเร็จ
650  4 ^aการดำเนินชีวิต
945    ^p0^l0^i18164
995    ^aกัณชพร
999    ^aใช้งานได้ทุกระบบ
รายการนี้ยังไม่มีแท็ก
คุณยังไม่ได้ล็อกอิน คุณสามารถมีกิจกรรมร่วมกับเว็บไซต์ได้ แต่ต้องล็อกอินก่อน ::
  ล็อกอิน

รายการสื่อสารสนเทศ

ลำดับที่ ประเภท เลขเรียก/บาร์โค้ด สถานที่ สถานะ
- ไม่พบข้อมูล -

รายการใกล้เคียง
    หัวเรื่อง [คริสตศาสนา]
    หัวเรื่อง [ความสำเร็จ]
    หัวเรื่อง [การดำเนินชีวิต]

BibComment


ยังไม่เคยถูกคอมเมนท์

คอมเมนท์ทรัพยากรรายการนี้
  คอมเมนท์: คำปราชญ์สู่ความส..


 Copyright 2026. Bcnsprnw @Library